00611nam a2200169Ia 4500008004100000020001500041040001800056041000800074100001600082245015800098260003700256300002100293500003200314650003300346650003200379700003000411130821s1990 ck gr spa  a958041209X aCo-BoUCMbspa aspa aKirby, Tess 3aEl gerente que sí puede. Cómo hacer que sus empleados corran riesgos, actuen y hagan las cosas biencTess Kirby .-- Traducción Margarita Cárdenas aBogotá (Colombia)bNormac1990 ax, 201 páginas aIndices general y an litico04aAdministración de personal04aDirectores de compañías aCárdenas, MargaritaeTr